000 01094nam a2200349 a 4500
001 vtls000022626
003 NLI
005 20210601182428.0
008 101125s1976 mau 000 0 eng
020 _c$ 13.56
039 9 _y201011250158
_zVLOAD
040 0 _aNLI
_beng
_cVERGIS-2003
041 0 _aeng
044 _amau
082 0 4 _a658.4
100 1 _aMorrisey, George I.
_971467
245 1 0 _aManagement by objectives and results in the public sector/
_cGeorge L. Morrisey
260 _aMassachussets:
_bAddison-Wesley Pub.,
_cc1976
300 _axix, 278 p.;
_c21 cm.
650 0 _aManagement by objectives
_91053
650 0 _aCommunication in management
_9178
887 _aSivankalai S.
901 _a434597
_b05/05/1977
902 _aE 658.4 M 834
903 _a12/03/04
904 _aSivankalai S.
906 _a022149
949 _AVIRTUAITEM
_D10000
_F1
_X100
_6PUR000434597ENG
_aE 658.4 M834
942 _2ddc
_cBKS
999 _aVIRTUA
_c26558
_d26558
999 _aVTLSSORT0080*0200*0400*0410*0440*0820*1000*2450*2600*3000*6500*6501*8520*9010*9020*9030*9040*9060*9490*9991